[Event "Bundesliga 2223"]
[Site "Germany"]
[Date "2023.04.01"]
[Round "12.3"]
[White "Fromm, Marius"]
[Black "Dgebuadze, Alexandre"]
[Result "1/2-1/2"]
[WhiteElo "2425"]
[BlackElo "2430"]
[PlyCount "94"]
[EventDate "2022.10.21"]
[EventType "team-tourn"]
[EventRounds "15"]
[EventCountry "GER"]
[SourceTitle "CBM 213 Extra"]
[Source "ChessBase"]
[SourceDate "2023.05.31"]
[SourceVersion "1"]
[SourceVersionDate "2023.05.31"]
[SourceQuality "1"]
[WhiteTeam "Kiel Turm"]
[BlackTeam "Remagen Sinzig"]
[WhiteTeamCountry "GER"]
[BlackTeamCountry "GER"]

1. e4 e6 2. d4 d5 3. Nc3 Bb4 4. e5 Ne7 5. a3 Bxc3+ 6. bxc3 c5 7. Qg4 0-0 8. Bd3 Nbc6 9. Bg5 Qa5 10. Ne2 Ng6 11. 0-0 Bd7 12. a4 c4 13. Bxg6 fxg6 14. Rfb1 Qc7 15. h4 Rf7 16. Bc1 Ne7 17. a5 Nf5 18. Qh3 Qd8 19. Bg5 Qc7 20. Nf4 Raf8 21. f3 Ne7 22. Qg4 Nf5 23. Kf2 h5 24. Qh3 Kh7 25. Qh2 b5 26. axb6 axb6 27. Nh3 Kg8 28. Bc1 Nxh4 29. Ng5 Nf5 30. Nxf7 Rxf7 31. Ba3 Ba4 32. Ra2 b5 33. Qf4 Qd8 34. Ke2 g5 35. Qh2 h4 36. Qh3 Ng3+ 37. Ke1 Rf5 38. Bc1 Qe8 39. Be3 Qg6 40. Qg4 Kh7 41. Kd2 Qh6 42. Re1 Kg8 43. Kc1 Kf7 44. Kb1 Kg8 45. Kb2 Qg6 46. Kb1 Qh6 47. Kb2 Qg6 1/2-1/2

[Event "Heusenstamm Schloss op"]
[Site "Heusenstamm"]
[Date "2022.11.20"]
[Round "6"]
[White "Dgebuadze, Alexandre"]
[Black "Gahan, MG."]
[Result "1-0"]
[WhiteElo "2420"]
[BlackElo "2228"]
[PlyCount "95"]
[EventDate "2022.11.17"]
[EventType "swiss"]
[EventRounds "7"]
[EventCountry "GER"]
[SourceTitle "CBM 211 Extra"]
[Source "ChessBase"]
[SourceDate "2023.01.31"]
[SourceVersion "1"]
[SourceVersionDate "2023.01.31"]
[SourceQuality "1"]

1. c4 g6 2. Nc3 c5 3. g3 Bg7 4. Bg2 Nc6 5. d3 Nf6 6. h4 Rb8 7. Nh3 a6 8. Nf4 h5 9. Nfd5 b5 10. Nxf6+ Bxf6 11. cxb5 axb5 12. Ne4 Bg7 13. Nxc5 Qa5+ 14. Bd2 Qb6 15. Be3 Qa5+ 16. Bd2 Qb6 17. Qc1 Bd4 18. Be3 0-0 19. 0-0 d6 20. Nb3 Bxe3 21. Qxe3 Qxe3 22. fxe3 Ne5 23. Nd4 Bd7 24. Rfc1 Rfc8 25. a3 Ng4 26. Bc6 Rc7 27. Bxd7 Rxd7 28. Nc6 Ra8 29. e4 Kg7 30. Rc3 Rb7 31. Rac1 Kf6 32. d4 Ke6 33. Kg2 Kd7 34. Nb4 Raa7 35. Kf3 f6 36. Rc8 Rc7 37. R1xc7+ Rxc7 38. Rxc7+ Kxc7 39. Nd5+ Kd7 40. Nf4 e5 41. Nxg6 exd4 42. b3 Ne3 43. Nf4 Nc2 44. Nxh5 Nxa3 45. Nxf6+ Ke6 46. Nd5 Nb1 47. h5 Kf7 48. b4 1-0

[Event "Heusenstamm Schloss op"]
[Site "Heusenstamm"]
[Date "2022.11.19"]
[Round "5"]
[White "Ochs, Daniel Elias"]
[Black "Dgebuadze, Alexandre"]
[Result "1/2-1/2"]
[WhiteElo "2107"]
[BlackElo "2420"]
[PlyCount "40"]
[EventDate "2022.11.17"]
[EventType "swiss"]
[EventRounds "7"]
[EventCountry "GER"]
[SourceTitle "CBM 211 Extra"]
[Source "ChessBase"]
[SourceDate "2023.01.31"]
[SourceVersion "1"]
[SourceVersionDate "2023.01.31"]
[SourceQuality "1"]

1. d4 e6 2. c4 Bb4+ 3. Bd2 a5 4. Nf3 Ne7 5. g3 Nbc6 6. Bg2 0-0 7. 0-0 Bxd2 8. Qxd2 d6 9. d5 exd5 10. cxd5 Nb4 11. Nc3 Bd7 12. Rac1 Re8 13. Nd4 Nf5 14. e4 Nxd4 15. Qxd4 Qf6 16. Qd2 Na6 17. f4 Nc5 18. Rce1 Qh6 19. Qd4 Re7 20. Re3 Rae8 1/2-1/2

[Event "Schwarzacher op 35th"]
[Site "Schwarzach"]
[Date "2022.07.21"]
[Round "6"]
[White "Dgebuadze, Alexandre"]
[Black "Keleberda, Timur"]
[Result "1/2-1/2"]
[WhiteElo "2458"]
[BlackElo "2141"]
[PlyCount "85"]
[EventDate "2022.07.17"]
[EventType "swiss"]
[EventRounds "9"]
[EventCountry "AUT"]
[SourceTitle "CBM 209 Extra"]
[Source "ChessBase"]
[SourceDate "2022.09.30"]
[SourceVersion "1"]
[SourceVersionDate "2022.09.30"]
[SourceQuality "1"]

1. e4 c5 2. Nf3 d6 3. d4 cxd4 4. Qxd4 a6 5. Be3 Nc6 6. Qd2 Nf6 7. Nc3 b5 8. Bd3 e6 9. h3 Bb7 10. 0-0 Be7 11. Rfe1 Qc7 12. a4 b4 13. Na2 0-0 14. Bf4 a5 15. c3 e5 16. Bg5 bxc3 17. Nxc3 Nb4 18. Nb5 Qd7 19. Rad1 Rfd8 20. Bc4 Nxe4 21. Qc1 Nxg5 22. Nxg5 d5 23. Bb3 Rac8 24. Qd2 Qf5 25. Nf3 Bf6 26. Qe2 e4 27. Nfd4 Qg5 28. Na7 Rc5 29. Nf3 Qf4 30. Nh2 Qb8 31. Ng4 Bg5 32. Nb5 Nd3 33. Rxd3 exd3 34. Qxd3 Rdc8 35. Nc3 Ba6 36. Qd1 d4 37. Qxd4 h5 38. Re5 Rxe5 39. Bxf7+ Kxf7 40. Nxe5+ Kg8 41. Qd5+ Kh7 42. Qe4+ Kg8 43. Qd5+ 1/2-1/2